Management across cultures : (Record no. 27563)
[ view plain ]
| 000 -LEADER | |
|---|---|
| fixed length control field | 01058cam a22002535a 4500 |
| 005 - DATE AND TIME OF LATEST TRANSACTION | |
| control field | 20190625104448.0 |
| 008 - FIXED-LENGTH DATA ELEMENTS--GENERAL INFORMATION | |
| fixed length control field | 100719t2010 enka frb 001 0 eng d |
| 020 ## - INTERNATIONAL STANDARD BOOK NUMBER | |
| Cancelled/invalid ISBN | 9780521734974 |
| 040 ## - CATALOGING SOURCE | |
| Original cataloging agency | N$T |
| Language of cataloging | eng |
| Transcribing agency | N$T |
| Modifying agency | YDXCP |
| -- | E7B |
| -- | CDX |
| -- | OCLCQ |
| -- | EG-ScBUE |
| 082 04 - DEWEY DECIMAL CLASSIFICATION NUMBER | |
| Classification number | 658.049 |
| Edition number | 22 |
| Item number | STE |
| 100 1# - MAIN ENTRY--PERSONAL NAME | |
| Personal name | Steers, Richard M. |
| 245 10 - TITLE STATEMENT | |
| Title | Management across cultures : |
| Remainder of title | challenges and strategies / |
| Statement of responsibility, etc | Richard M. Steers, Carlos Sanchez-Runde, Luciara Nardon. |
| 260 ## - PUBLICATION, DISTRIBUTION, ETC. (IMPRINT) | |
| Place of publication, distribution, etc | Cambridge : |
| Name of publisher, distributor, etc | Cambridge University Press, |
| Date of publication, distribution, etc | c.2010. |
| 300 ## - PHYSICAL DESCRIPTION | |
| Extent | xviii, 439 p. : |
| Other physical details | ill. ; |
| Dimensions | 24 cm. |
| 504 ## - BIBLIOGRAPHY, ETC. NOTE | |
| Bibliography, etc | Includes bibliographical references and index. |
| 650 #7 - SUBJECT ADDED ENTRY--TOPICAL TERM | |
| Topical term or geographic name as entry element | Management |
| Form subdivision | Cross-cultural studies. |
| Source of heading or term | BUEsh |
| 9 (RLIN) | 29351 |
| 650 #7 - SUBJECT ADDED ENTRY--TOPICAL TERM | |
| Topical term or geographic name as entry element | International business enterprises |
| General subdivision | Management. |
| Source of heading or term | BUEsh |
| 651 ## - SUBJECT ADDED ENTRY--GEOGRAPHIC NAME | |
| Source of heading or term | BUEsh |
| 653 ## - INDEX TERM--UNCONTROLLED | |
| Resource For college | BAEPS, Business Administration |
| Arrived date list | June2019 |
| 700 1# - ADDED ENTRY--PERSONAL NAME | |
| Personal name | Sanchez-Runde, Carlos. |
| 700 1# - ADDED ENTRY--PERSONAL NAME | |
| Personal name | Nardon, Luciara, |
| Dates associated with a name | 1972- |
| 776 08 - ADDITIONAL PHYSICAL FORM ENTRY | |
| Display text | Print version: |
| Main entry heading | Steers, Richard M. |
| Title | Management across cultures. |
| Place, publisher, and date of publication | Cambridge : Cambridge University Press, 2010 |
| International Standard Book Number | 9780521513432 |
| Record control number | (OCoLC)465366201 |
| 942 ## - ADDED ENTRY ELEMENTS (KOHA) | |
| Source of classification or shelving scheme | Dewey Decimal Classification |
| Withdrawn status | Item status | Source of classification or shelving scheme | Damaged status | Not for loan | Home library | Current library | Shelving location | Date acquired | Source of acquisition | Total Checkouts | Full call number | Barcode | Date last seen | Koha item type |
|---|---|---|---|---|---|---|---|---|---|---|---|---|---|---|
| Dewey Decimal Classification | Central Library | Central Library | First floor | 25/06/2019 | Donation | 658.049 STE | 000044683 | 15/07/2025 | Book - Borrowing |